| Tag |
First Indicator |
Second Indicator |
Subfields |
| LEADER |
00000cam a2200000 4500 |
| 001 |
in00000049253 |
| 005 |
20151007065733.0 |
| 008 |
800528s1948 dcual 00000 eng c |
| 010 |
|
|
|a gs 49000039
|
| 035 |
|
|
|a (OCoLC)06366432
|
| 035 |
|
|
|9 AAE2575AM
|
| 040 |
|
|
|a U.S. Geol. Survey. Libr.
|c TXA
|d UtOrBLW
|
| 049 |
|
|
|a TXAM
|
| 090 |
|
|
|a QE431.5
|b .N38 1948
|
| 092 |
|
|
|a 572
|b N277r
|
| 110 |
2 |
|
|a National Research Council (U.S.).
|b Rock-Color Chart Committee.
|
| 245 |
1 |
0 |
|a Rock-color chart.
|
| 264 |
|
1 |
|a Washington,
|b [publisher not identified] ;
|c 1948.
|
| 300 |
|
|
|a 16 unnumbered pages :
|b illustrations, mounted samples. ;
|c 19 cm.
|
| 336 |
|
|
|a text
|b txt
|2 rdacontent
|
| 337 |
|
|
|a unmediated
|b n
|2 rdamedia
|
| 338 |
|
|
|a volume
|b nc
|2 rdacarrier
|
| 500 |
|
|
|a Cover title.
|
| 650 |
|
0 |
|a Rocks.
|
| 650 |
|
0 |
|a Color.
|
| 999 |
|
|
|a MARS
|
| 999 |
f |
f |
|s 628fd027-3fb5-334a-acf0-74a600d15c81
|i 6e15517d-59eb-327c-9ff4-49bcee76f723
|t 0
|
| 952 |
f |
f |
|p noncirc
|a Texas A&M University
|b College Station
|c Cushing Memorial Library & Archives
|d Cushing: Rare Books (Does not check out)
|t 0
|e QE431.5 .N38 1948
|h Library of Congress classification
|i unmediated -- volume
|
| 952 |
f |
f |
|p normal
|a Texas A&M University
|b College Station
|c Sterling C. Evans Library
|d Evans: Library Stacks
|t 0
|e QE431.5 .N38 1948
|h Library of Congress classification
|i unmediated -- volume
|m A14800967534
|
| 998 |
f |
f |
|a QE431.5 .N38 1948
|t 0
|l Cushing: Rare Books (Does not check out)
|
| 998 |
f |
f |
|a QE431.5 .N38 1948
|t 0
|l Evans: Library Stacks
|